000 00465nam a2200157Ia 4500
008 160316s1984 xxu||||| |||| 00| 0 eng d
082 _a343.099800
_bJAI
100 _aJain S N
245 _aViolation of journalistic ethics and public taste
250 _a
260 _aBombay
_bN M Tripathi Pvt. Ltd.
_c1984
300 _a138p
_b20 cm
_cxvi
365 _bRs.45
650 _a1.Journalism - Ethics - Violation - Public Taste 2. Press Council of India,
700 _a
_a
999 _c909
_d909